| 000 | 01234nam a2200349 i 4500 | ||
|---|---|---|---|
| 001 | 196246 | ||
| 003 | ES-MaACL | ||
| 005 | 20250804062711.0 | ||
| 008 | 240823s2002 sp | ||| ||spa | ||
| 016 | 7 |
_abimoBNE20020765536 _2SpMaBN |
|
| 017 |
_aM 35502-2002 _bOficina Depósito Legal Madrid |
||
| 020 | _a8496030008 | ||
| 035 | _a(OCoLC)433375975 | ||
| 035 | _a(SpMaBN)bimo0001818286 | ||
| 035 | _a991011309079708606 | ||
| 040 |
_aSpMaBN _bspa _cSpMaBN _erdc _dES-MaACL |
||
| 080 | _a821.134.2-31"19" | ||
| 100 |
_aGómez, Pedro J., _d1966- _9238570 _eaut |
||
| 245 | 1 | 4 |
_aLos arcanos del mal / _cPedro J. Gómez. |
| 260 |
_aMajadahonda (Madrid) : _bDoveliar, _c[2002]. |
||
| 300 |
_a161 p. ; _c21 cm |
||
| 336 |
_2rdacontent _atexto |
||
| 337 |
_2rdamedia _asin mediación |
||
| 338 |
_2rdacarrier _avolumen |
||
| 655 | 0 |
_aNovelas _9234319 |
|
| 852 |
_aES-MaACL _cDEPOJ _jN-9301 _hDonación: Pedro J. Gómez _xEncuadernación cartoné _gDedicatoria autógrafa del autor _9205367 |
||
| 903 |
_9238570 _aGómez, Pedro J., _d1966- _ednr |
||
| 942 |
_cMONOGRAFIA _n0 |
||
| 999 |
_c196246 _d196246 |
||